LEADER 04993nam 2200781Ia 450 001 996203158003316 005 20230421044626.0 010 $a1-281-76387-X 010 $a9786611763879 010 $a3-527-61215-7 010 $a3-527-61214-9 035 $a(CKB)1000000000376828 035 $a(EBL)481756 035 $a(OCoLC)212131284 035 $a(SSID)ssj0000145052 035 $a(PQKBManifestationID)11169455 035 $a(PQKBTitleCode)TC0000145052 035 $a(PQKBWorkID)10148302 035 $a(PQKB)11425623 035 $a(MiAaPQ)EBC481756 035 $a(MiAaPQ)EBC4956377 035 $a(Au-PeEL)EBL4956377 035 $a(CaONFJC)MIL176387 035 $a(OCoLC)1027165791 035 $a(EXLCZ)991000000000376828 100 $a19980505d1998 uy 0 101 0 $aeng 135 $aur|n|---||||| 181 $ctxt 182 $cc 183 $acr 200 00$aElectrochemical nanotechnology$b[electronic resource] $ein-situ local probe techniques at electrochemical interfaces /$fedited by W.J. Lorenz and W. Plieth 205 $a1st ed. 210 $aWeinheim ;$aChichester $cWiley-VCH$dc1998 215 $a1 online resource (354 p.) 300 $aIncludes index. 300 $a"A publication initiated by IUPAC." 311 $a3-527-29520-8 327 $aElectrochemical Nanotechnology; Preface; Contents; Part I General Aspects; Local Probing of Electrochemical Processes at Non-ideal Electrodes; Electrochemistry and Nanotechnology; Imaging of Electrochemical Processes and Biological Macromolecular Adsorbates by in-situ Scanning Tunneling Microscopy; Beyond the Landscapes: Imaging the Invisible; Part II Roughness and Interface Structure; Roughness Kinetics and Mechanism Derived from the Analysis of AFM and STM Imaging Data; Electrodes with a Defined Mesoscopic Structure 327 $aIn-situ Stress Measurements at the Solid/liquid Interface Using a Micromechanical SensorSurface Structure and Electrochemistry: New Insight by Scanning Tunneling Microscopy; Part III Surface Modification; STM and AFM Studies of the Electrified Solid-Liquid Interface: Monolayers, Multilayers, and Organic Transformations; Scanning Probe Microscopy Studies of Molecular Redox Films; New Aspects of Iodine-modified Single-crystal Electrodes; The Growth and the Surface Properties of Polypyrrole on Single Crystal Graphite Electrodes as Studied by in-situ Electrochemical Scanning Probe Microscopy 327 $aPart IV Nucleation and ElectrodepositionNucleation and Growth at Metal Electrode Surfaces; STM Studies of Electrodeposition of Strained-Layer Metallic Superlattices; Part V Oxide Layers and Corrosion; STM Studies of Thin Anodic Oxide Layer; Local Probing of Electrochemical Interfaces in Corrosion Research; Morphology and Nucleation of Ni-Ti02 LIGA Layers; SPM Investigations on Oxide-covered Titanium Surfaces: Problems and Possibilities; Part VI Semiconductors; Electrochemical Surface Processing of Semiconductors at the Atomic Level 327 $aIn-situ Electrochemical AFM Study of Semiconductor Electrodes in Electrolyte SolutionsPart VII STM and Complementary Methods; In-situ STM and Electrochemical UHV Technique: Complementary, Noncompeting Techniques; Growth Morphology and Molecular Orientation of Additives in Electrocrystallization Studied by Surface-enhanced Raman spectroscopy; Instrumental Design and Prospects for NMR-Electrochemistry; List of Contributors; List of Abbreviations; Symbol List; Subject Index 330 $aA new window to local studies of interface phenomena at solid state surfaces has been opened by the development of local probe techniques such as Scanning Tunneling Microscopy (STM) or Atomic Force Microscopy (AFM) and related methods during the past fifteen years. The in-situ application of local probe methods in different systems belongs to modern nanotechnology and has two aspects: an analytical aspect and a preparative aspect. The first aspect covers the application of the local probe methods to characterize thermodynamic, structural and dynamic properties of solid state surfaces a 606 $aNanotechnology 606 $aAtomic force microscopy 606 $aElectrochemistry 606 $aScanning probe microscopy 606 $aScanning tunneling microscopy 606 $aSurface chemistry 606 $aSurfaces (Physics) 615 0$aNanotechnology. 615 0$aAtomic force microscopy. 615 0$aElectrochemistry. 615 0$aScanning probe microscopy. 615 0$aScanning tunneling microscopy. 615 0$aSurface chemistry. 615 0$aSurfaces (Physics) 676 $a620.5 701 $aLorenz$b W. J$0912235 701 $aPlieth$b W$g(Waldfried)$01343726 712 02$aInternational Union of Pure and Applied Chemistry. 801 0$bMiAaPQ 801 1$bMiAaPQ 801 2$bMiAaPQ 906 $aBOOK 912 $a996203158003316 996 $aElectrochemical nanotechnology$93068074 997 $aUNISA LEADER 02851nam 2200601 450 001 9910788739203321 005 20170816143301.0 010 $a1-4704-0270-X 035 $a(CKB)3360000000464863 035 $a(EBL)3114510 035 $a(SSID)ssj0000889011 035 $a(PQKBManifestationID)11456901 035 $a(PQKBTitleCode)TC0000889011 035 $a(PQKBWorkID)10875506 035 $a(PQKB)11654232 035 $a(MiAaPQ)EBC3114510 035 $a(RPAM)11817673 035 $a(PPN)195415639 035 $a(EXLCZ)993360000000464863 100 $a19991022h20002000 uy| 0 101 0 $aeng 135 $aur|n|---||||| 181 $ctxt 182 $cc 183 $acr 200 10$aInverses of disjointness preserving operators /$fY.A. Abramovich, A.K. Kitover 210 1$aProvidence, Rhode Island :$cAmerican Mathematical Society,$d[2000] 210 4$d©2000 215 $a1 online resource (178 p.) 225 1 $aMemoirs of the American Mathematical Society,$x0065-9266 ;$vnumber 679 300 $a"January 2000, volume 143, number 679 (first of 4 numbers)." 311 $a0-8218-1397-8 320 $aIncludes bibliographical references (pages 158-162). 327 $a""Table of Contents""; ""1. Setting forth the problems""; ""2. Some history""; ""3. Synopsis of the main results""; ""4. Preliminaries""; ""5. The McPolina???Wickstead and Huijsmansa???de Pagtera???Koldunov Theorems revisited""; ""6. d-bases""; ""7. Band preserving operators and band-projections""; ""8. Central operators and Problems A and B""; ""9. Range-domain exchange in the Huijsmansa???de Pagtera???Koldunov Theorem""; ""10. d-splitting number of disjointness preserving operators""; ""11. Essentially one-dimensional and discrete vector lattices"" 327 $a""12. Essentially constant functions and operators on C[0,1]""""13. Counterexamples""; ""14. Dedekind complete vector lattices and Problems A and B""; ""15. Generalizations to (r[sub(u)])-complete vector lattices""; ""16. Open problems""; ""References""; ""Index""; ""A""; ""B""; ""C""; ""D""; ""E""; ""F""; ""H""; ""I""; ""L""; ""M""; ""N""; ""O""; ""P""; ""Q""; ""R""; ""S""; ""T""; ""U""; ""V""; ""W""; ""X""; ""Z"" 410 0$aMemoirs of the American Mathematical Society ;$vno. 679. 606 $aBanach modules (Algebra) 606 $aOperator theory 606 $aBanach lattices 615 0$aBanach modules (Algebra) 615 0$aOperator theory. 615 0$aBanach lattices. 676 $a510 s 676 $a512/.55 700 $aAbramovich$b Y. A$g(Yuri A.),$01567025 702 $aKitover$b A. K$g(Arkady K.), 801 0$bMiAaPQ 801 1$bMiAaPQ 801 2$bMiAaPQ 906 $aBOOK 912 $a9910788739203321 996 $aInverses of disjointness preserving operators$93838094 997 $aUNINA LEADER 01792nam 2200373z- 450 001 9910346889403321 005 20210211 010 $a1000031356 035 $a(CKB)4920000000101628 035 $a(oapen)https://directory.doabooks.org/handle/20.500.12854/51483 035 $a(oapen)doab51483 035 $a(EXLCZ)994920000000101628 100 $a20202102d2013 |y 0 101 0 $aeng 135 $aurmn|---annan 181 $ctxt$2rdacontent 182 $cc$2rdamedia 183 $acr$2rdacarrier 200 00$aLearning Dynamic Systems for Intention Recognition in Human-Robot-Cooperation 210 $cKIT Scientific Publishing$d2013 215 $a1 online resource (XIV, 210 p. p.) 225 1 $aKarlsruhe Series on Intelligent Sensor-Actuator-Systems / Karlsruher Institut für Technologie, Intelligent Sensor-Actuator-Systems Laboratory 311 08$a3-86644-952-6 330 $aThis thesis is concerned with intention recognition for a humanoid robot and investigates how the challenges of uncertain and incomplete observations, a high degree of detail of the used models, and real-time inference may be addressed by modeling the human rationale as hybrid, dynamic Bayesian networks and performing inference with these models. The key focus lies on the automatic identification of the employed nonlinear stochastic dependencies and the situation-specific inference. 610 $a(Conditional) Density Estimation 610 $aDynamic Systems 610 $aHuman-Robot-Cooperation 610 $aIntention Recognition 610 $aRegularization 700 $aKrauthausen$b Peter$4auth$01305984 906 $aBOOK 912 $a9910346889403321 996 $aLearning Dynamic Systems for Intention Recognition in Human-Robot-Cooperation$93028101 997 $aUNINA